El paro en España (Record no. 44702)
[ view plain ]
| 000 -CABECERA | |
|---|---|
| campo de control de longitud fija | 00561nam#a2200229#c#4500 |
| 003 - IDENTIFICADOR DEL NÚMERO DE CONTROL | |
| campo de control | IEF |
| 005 - FECHA Y HORA DE LA ÚLTIMA TRANSACCIÓN | |
| campo de control | 20180219154934.0 |
| 008 - CÓDIGOS DE INFORMACIÓN DE LONGITUD FIJA | |
| campo de control de longitud fija | 941205s1983 uuu####fr####| 0||u| |u |
| 017 ## - NÚMERO DE COPYRIGHT O DE DEPÓSITO LEGAL | |
| Número de copyright o de depósito legal | M. 34813-1983 |
| 020 ## - NÚMERO INTERNACIONAL NORMALIZADO PARA LIBROS(ISBN) | |
| Número Internacional Normalizado para Libros (ISBN) | 8485719344 |
| 040 ## - FUENTE DE LA CATALOGACIÓN | |
| Centro catalogador de origen | IEF |
| 100 1# - PUNTO DE ACCESO PRINCIPAL - NOMBRE DE PERSONA | |
| Nombre de persona | Albentosa Puche, Luis |
| 9 (RLIN) | 212 |
| 245 ## - MENCIÓN DE TÍTULO | |
| Título | El paro en España |
| 260 ## - PUBLICACIÓN, DISTRIBUCIÓN, ETC. (PIE DE IMPRENTA) | |
| Lugar de publicación distribución etc. | [Madrid] |
| Nombre del editor distribuidor etc. | Instituto Estudios Económicos |
| Fecha de publicación distribución etc. | 1983 |
| 300 ## - DESCRIPCIÓN FÍSICA | |
| Extensión | 349 p. |
| Dimensiones | 18 cm. |
| 500 ## - NOTA GENERAL | |
| Nota general | Bibliografía |
| 650 #4 - PUNTO DE ACCESO ADICIONAL DE MATERIA--TÉRMINO DE MATERIA | |
| Término de materia o nombre geográfico como elemento inicial | ESPAÑA |
| 9 (RLIN) | 41092 |
| 650 #4 - PUNTO DE ACCESO ADICIONAL DE MATERIA--TÉRMINO DE MATERIA | |
| Término de materia o nombre geográfico como elemento inicial | DESEMPLEO |
| 9 (RLIN) | 42613 |
| 942 ## - ELEMENTOS DE PUNTO DE ACCESO ADICIONAL (KOHA) | |
| Tipo de ítem Koha | Libros |
| 942 ## - ELEMENTOS DE PUNTO DE ACCESO ADICIONAL (KOHA) | |
| -- | 39527 |
| Estado de retiro | Estado de pérdida | Estado dañado | No para préstamo | Localización permanente | Fecha de adquisición | Signatura topográfica completa | Código de barras | Fecha visto por última vez | Precio válido a partir de | Tipo de ítem Koha |
|---|---|---|---|---|---|---|---|---|---|---|
| Disponible para préstamo | IEF | 1994-12-05 | 45862 | 45862 | 2018-02-19 | 2018-02-19 | Libros |